[Event "Copenhagen Aruna"]
[Site "Copenhagen"]
[Date "1997.05.11"]
[Round "9"]
[White "Aagaard, Jacob"]
[Black "Mortensen, Erling"]
[Result "0-1"]
[WhiteElo "2440"]
[BlackElo "2450"]
[PlyCount "44"]
[EventDate "1997.04.02"]
[EventType "tourn"]
[EventRounds "9"]
[EventCountry "DEN"]
[EventCategory "10"]
[SourceTitle "SE base"]
[Source "ABZ"]
[SourceDate "2005.05.09"]
[SourceVersion "1"]
[SourceVersionDate "2005.05.09"]
[SourceQuality "1"]

1. e4 c5 2. Nf3 e6 3. d4 cxd4 4. Nxd4 a6 5. Nc3 Qc7 6. Be2 b5 7. f4 Bb7 8. Bf3
Nc6 9. Nxc6 Bxc6 10. O-O Bc5+ 11. Kh1 b4 12. Ne2 Nf6 13. Ng3 h5 14. Re1 h4 15.
Nf1 h3 16. g4 Qb7 17. Nd2 d5 18. Qe2 dxe4 19. Nxe4 Nxe4 20. Bxe4 O-O-O 21. Bg2
hxg2+ 22. Qxg2 Bxg2# 0-1

[Event "Copenhagen Aruna"]
[Site "Copenhagen"]
[Date "1997.05.06"]
[Round "5"]
[White "Aagaard, Jacob"]
[Black "Hansen, Sune Berg"]
[Result "1/2-1/2"]
[WhiteElo "2440"]
[BlackElo "2505"]
[PlyCount "125"]
[EventDate "1997.04.02"]
[EventType "tourn"]
[EventRounds "9"]
[EventCountry "DEN"]
[EventCategory "10"]
[SourceTitle "SE base"]
[Source "ABZ"]
[SourceDate "2005.05.09"]
[SourceVersion "1"]
[SourceVersionDate "2005.05.09"]
[SourceQuality "1"]

1. e4 c5 2. Nf3 Nc6 3. c3 e6 4. d4 d5 5. exd5 exd5 6. Bb5 Bd6 7. dxc5 Bxc5 8.
O-O Nge7 9. Nbd2 O-O 10. Nb3 Bb6 11. Nbd4 Qd6 12. Re1 h6 13. Qa4 Nxd4 14. Nxd4
Ng6 15. Qd1 Qf6 16. Be3 Ne5 17. Nc2 Ng4 18. Bxb6 Qxb6 19. Nd4 Qd6 20. Nf3 Qb6
21. Nd4 Qd6 22. g3 a6 23. Bf1 Bd7 24. Bg2 Nf6 25. Qd3 Rfe8 26. Nc2 Qc5 27. Ne3
Bc6 28. Rad1 Rad8 29. Nf5 h5 30. Qd4 Qxd4 31. Nxd4 Ba4 32. Rc1 Kf8 33. f3 Nd7
34. Kf2 Nc5 35. Bf1 Bd7 36. Rxe8+ Rxe8 37. Rd1 Na4 38. Rd2 g6 39. Be2 Nb6 40.
h4 Re7 41. Bd3 Kg7 42. Nc2 Re8 43. Ne3 Bc6 44. Be2 Kf6 45. Rd4 Ke6 46. Bd1 Rd8
47. Bb3 Rd6 48. g4 hxg4 49. fxg4 a5 50. Kg3 a4 51. Bc2 a3 52. bxa3 Rd8 53. Bb3
Ra8 54. h5 Rxa3 55. h6 g5 56. Rd1 Ra8 57. Rf1 Rh8 58. Nf5 Bd7 59. Bc2 Ke5 60.
Rh1 Bxf5 61. Bxf5 Na4 62. h7 Nxc3 63. Kf3 1/2-1/2

[Event "Copenhagen Aruna"]
[Site "Copenhagen"]
[Date "1997.05.02"]
[Round "1"]
[White "Aagaard, Jacob"]
[Black "Danielsen, Henrik"]
[Result "1/2-1/2"]
[WhiteElo "2440"]
[BlackElo "2490"]
[PlyCount "93"]
[EventDate "1997.04.02"]
[EventType "tourn"]
[EventRounds "9"]
[EventCountry "DEN"]
[EventCategory "10"]
[SourceTitle "SE base"]
[Source "ABZ"]
[SourceDate "2005.05.09"]
[SourceVersion "1"]
[SourceVersionDate "2005.05.09"]
[SourceQuality "1"]

1. e4 c6 2. d4 d5 3. exd5 cxd5 4. c4 Nf6 5. Nc3 e6 6. Nf3 Be7 7. cxd5 Nxd5 8.
Bc4 O-O 9. O-O b6 10. Re1 Bb7 11. Ne5 Nxc3 12. bxc3 Nd7 13. Nxf7 Rxf7 14. Bxe6
Nf8 15. Bxf7+ Kxf7 16. c4 Rc8 17. Qd3 Bf6 18. Ba3 Ng6 19. Qf5 Kg8 20. g3 Nf8
21. Rad1 Qd7 22. Qd3 Ng6 23. Qe2 h6 24. d5 Ba6 25. Rc1 Ne5 26. Bb2 Rxc4 27.
Rcd1 Ra4 28. Qh5 g6 29. Qxh6 Bg5 30. Rxe5 Bxh6 31. Re6 Rxa2 32. Bc3 Be2 33. Rd4
Bf3 34. Rxg6+ Kh7 35. Rf6 Bxd5 36. Rh4 Be4 37. Rhxh6+ Kg8 38. Rh8+ Kxh8 39.
Rd6+ Kg8 40. Rxd7 Rc2 41. Bd2 a5 42. f4 a4 43. Kf2 a3 44. Ke3 Bf5 45. Ra7 Ra2
46. Bb4 Rxh2 47. Bxa3 1/2-1/2

[Event "Copenhagen Aruna"]
[Site "Copenhagen"]
[Date "1997.05.11"]
[Round "9"]
[White "Danielsen, Henrik"]
[Black "Fuglsang, Flemming"]
[Result "1-0"]
[WhiteElo "2490"]
[BlackElo "2275"]
[PlyCount "81"]
[EventDate "1997.04.02"]
[EventType "tourn"]
[EventRounds "9"]
[EventCountry "DEN"]
[EventCategory "10"]
[SourceTitle "SE base"]
[Source "ABZ"]
[SourceDate "2005.05.09"]
[SourceVersion "1"]
[SourceVersionDate "2005.05.09"]
[SourceQuality "1"]

1. c4 Nf6 2. Nf3 e6 3. g3 d5 4. b3 c5 5. Bg2 Nc6 6. O-O Be7 7. Bb2 O-O 8. e3 b6
9. Qe2 Bb7 10. d3 Qc7 11. Nc3 Rad8 12. Rfd1 Qb8 13. cxd5 exd5 14. d4 cxd4 15.
Nxd4 Nxd4 16. Rxd4 Bc5 17. Rf4 d4 18. Rxf6 Bxg2 19. Kxg2 gxf6 20. Qg4+ Kh8 21.
Nb5 Rg8 22. Qh4 Rg6 23. Nxd4 Qb7+ 24. Kg1 Bxd4 25. Bxd4 Qf3 26. Rc1 Kg7 27. Rc4
b5 28. Rc5 Rd6 29. Qh3 Ra6 30. Qg2 Qe2 31. h4 h5 32. Rf5 Rxa2 33. Kh2 Qe1 34.
Qf3 Ra6 35. Rxh5 Re6 36. Rxb5 Qf1 37. Rf5 a6 38. h5 Rh6 39. g4 Qb1 40. g5 Rh8
41. Rxf6 1-0

[Event "Copenhagen Aruna"]
[Site "Copenhagen"]
[Date "1997.05.04"]
[Round "3"]
[White "Danielsen, Henrik"]
[Black "Sokolovs, Andrei"]
[Result "0-1"]
[WhiteElo "2490"]
[BlackElo "2480"]
[PlyCount "90"]
[EventDate "1997.04.02"]
[EventType "tourn"]
[EventRounds "9"]
[EventCountry "DEN"]
[EventCategory "10"]
[SourceTitle "SE base"]
[Source "ABZ"]
[SourceDate "2005.05.09"]
[SourceVersion "1"]
[SourceVersionDate "2005.05.09"]
[SourceQuality "1"]

1. d4 e6 2. c4 d5 3. Nc3 c6 4. e3 Nd7 5. Qc2 Ngf6 6. Nf3 Bd6 7. Be2 O-O 8. O-O
b6 9. e4 Nxe4 10. Nxe4 dxe4 11. Qxe4 Bb7 12. Bd3 g6 13. Bh6 Re8 14. Rad1 Rb8
15. Be2 c5 16. Qe3 Qc7 17. dxc5 Bxc5 18. Qc3 e5 19. b4 Bf8 20. Bxf8 Nxf8 21.
Rfe1 Rbc8 22. Rc1 Qe7 23. Bd1 e4 24. Nd4 Red8 25. c5 bxc5 26. bxc5 Qe5 27. Nb3
Nd7 28. Qb4 Bd5 29. Bg4 Rb8 30. Qa5 Nf6 31. Bh3 Bxb3 32. axb3 Rd3 33. Qxa7
Rbxb3 34. g3 Ra3 35. Qb6 Rab3 36. Qa7 Qd4 37. Qe7 Rd2 38. Rf1 Rbb2 39. Ra1 Kg7
40. Ra8 Kh6 41. Ra4 Qxa4 42. Qxf6 e3 43. Qe7 exf2+ 44. Kh1 Qa8+ 45. Bg2 Rd1 0-1

[Event "Copenhagen Aruna"]
[Site "Copenhagen"]
[Date "1997.05.06"]
[Round "5"]
[White "Danielsen, Henrik"]
[Black "Petursson, Margeir"]
[Result "1/2-1/2"]
[WhiteElo "2490"]
[BlackElo "2565"]
[PlyCount "145"]
[EventDate "1997.04.02"]
[EventType "tourn"]
[EventRounds "9"]
[EventCountry "DEN"]
[EventCategory "10"]
[SourceTitle "SE base"]
[Source "ABZ"]
[SourceDate "2005.05.09"]
[SourceVersion "1"]
[SourceVersionDate "2005.05.09"]
[SourceQuality "1"]

1. d4 Nf6 2. c4 e6 3. Nf3 Bb4+ 4. Bd2 c5 5. Bxb4 cxb4 6. g3 O-O 7. Bg2 d6 8.
Nbd2 Re8 9. Nf1 a5 10. Ne3 Na6 11. O-O Bd7 12. Rc1 Rb8 13. Qd3 h6 14. Rfd1 Ba4
15. b3 Bc6 16. Nd2 Bxg2 17. Kxg2 Qd7 18. Ne4 Nxe4 19. Qxe4 Rbc8 20. Qg4 Rcd8
21. d5 Nc5 22. dxe6 fxe6 23. Rc2 Qe7 24. Rcd2 Rf8 25. f3 Rd7 26. Nc2 Rfd8 27.
e4 Qf6 28. Nd4 g6 29. Nb5 h5 30. Qh4 Qxh4 31. gxh4 e5 32. Nxd6 Ne6 33. Kf2 b6
34. Rd5 Nf4 35. Nb7 Rxd5 36. exd5 Rd7 37. d6 Ne6 38. c5 Nxc5 39. Nxc5 bxc5 40.
Ke3 Kf7 41. Ke4 Ke6 42. Rd5 Rxd6 43. Rxe5+ Kf6 44. Rxc5 Rd2 45. Rxa5 Rxh2 46.
Ra6+ Kg7 47. Kf4 Rh3 48. Ra4 Kf6 49. Ke3 Rxh4 50. a3 g5 51. axb4 Rh3 52. Ke4 g4
53. fxg4 hxg4 54. Ra3 Ke6 55. Kd4 g3 56. Ra6+ Kf5 57. Ra2 Rh2 58. Ra1 Rb2 59.
Kc3 Rf2 60. Ra8 g2 61. Rg8 Rf3+ 62. Kb2 Rf2+ 63. Ka3 Ke6 64. Rg7 Kd6 65. Ka4
Kc6 66. Rg6+ Kc7 67. Ka5 Ra2+ 68. Kb5 Rb2 69. Rg7+ Kd6 70. Kb6 Rxb3 71. b5 Rb2
72. Rg5 Ke6 73. Ka6 1/2-1/2

[Event "Copenhagen Aruna"]
[Site "Copenhagen"]
[Date "1997.05.09"]
[Round "7"]
[White "Danielsen, Henrik"]
[Black "Hillarp Persson, Tiger"]
[Result "1-0"]
[WhiteElo "2490"]
[BlackElo "2475"]
[PlyCount "105"]
[EventDate "1997.04.02"]
[EventType "tourn"]
[EventRounds "9"]
[EventCountry "DEN"]
[EventCategory "10"]
[SourceTitle "SE base"]
[Source "ABZ"]
[SourceDate "2005.05.09"]
[SourceVersion "1"]
[SourceVersionDate "2005.05.09"]
[SourceQuality "1"]

1. d4 g6 2. c4 Bg7 3. Nf3 Nf6 4. g3 O-O 5. Bg2 d6 6. Nc3 Nbd7 7. O-O e5 8. e4
c6 9. b3 Qe7 10. h3 h6 11. Re1 Nh7 12. Be3 Ng5 13. Nxg5 exd4 14. Bxd4 hxg5 15.
Bxg7 Kxg7 16. Qd4+ Ne5 17. f4 gxf4 18. gxf4 c5 19. Nd5 cxd4 20. Nxe7 Nc6 21.
Nxc6 bxc6 22. Rad1 c5 23. e5 Rb8 24. exd6 Rd8 25. Re5 Rxd6 26. Rxc5 Bf5 27. Rd5
Ra6 28. Rd2 Bb1 29. R5xd4 Rxa2 30. Rxa2 Bxa2 31. Rd7 Bxb3 32. Bd5 a5 33. Rxf7+
Kh6 34. Ra7 a4 35. Kf2 Rc8 36. Be6 Rc5 37. Ke3 Bxc4 38. Kd4 Bxe6 39. Kxc5 Bxh3
40. Kd4 Bf5 41. Rxa4 Kh5 42. Ra1 Kg4 43. Ke3 Be6 44. Ke4 Bf5+ 45. Ke5 Kf3 46.
Rc1 Kg3 47. Rg1+ Kf3 48. Ra1 Kg3 49. Ra3+ Kg4 50. Ra4 Bc2 51. Rb4 Bf5 52. Kf6
Kh4 53. Rb5 1-0

[Event "Copenhagen Aruna"]
[Site "Copenhagen"]
[Date "1997.05.06"]
[Round "5"]
[White "Fuglsang, Flemming"]
[Black "Hillarp Persson, Tiger"]
[Result "0-1"]
[WhiteElo "2275"]
[BlackElo "2475"]
[PlyCount "86"]
[EventDate "1997.04.02"]
[EventType "tourn"]
[EventRounds "9"]
[EventCountry "DEN"]
[EventCategory "10"]
[SourceTitle "SE base"]
[Source "ABZ"]
[SourceDate "2005.05.09"]
[SourceVersion "1"]
[SourceVersionDate "2005.05.09"]
[SourceQuality "1"]

1. e4 g6 2. d4 Bg7 3. Nc3 d6 4. f4 a6 5. Be3 b5 6. Nf3 Bb7 7. Bd3 Nd7 8. f5
Ngf6 9. Ng5 gxf5 10. O-O h6 11. Nxf7 Kxf7 12. Rxf5 e6 13. Rf2 e5 14. Qg4 Qe7
15. Raf1 c6 16. Ne2 Ke8 17. Qh4 Kd8 18. dxe5 dxe5 19. Bd2 Qe6 20. Rf3 c5 21.
Rg3 Bf8 22. Rg6 Be7 23. Rxh6 Rxh6 24. Qxh6 c4 25. Ba5+ Ke8 26. Ng3 Bf8 27. Qh8
Qg8 28. Qxg8 Nxg8 29. Be2 Ngf6 30. Nh5 Bc5+ 31. Kh1 Kf7 32. Bc7 Kg6 33. Nxf6
Nxf6 34. h4 Rh8 35. g3 Rf8 36. Kh2 Ng4+ 37. Kh3 Nf2+ 38. Kh2 Bxe4 39. g4 Nxg4+
40. Kg3 Bf2+ 41. Kh3 Ne3 42. h5+ Kh7 43. Rc1 Bf3 0-1

[Event "Copenhagen Aruna"]
[Site "Copenhagen"]
[Date "1997.05.09"]
[Round "7"]
[White "Fuglsang, Flemming"]
[Black "Mortensen, Erling"]
[Result "1-0"]
[WhiteElo "2275"]
[BlackElo "2450"]
[PlyCount "65"]
[EventDate "1997.04.02"]
[EventType "tourn"]
[EventRounds "9"]
[EventCountry "DEN"]
[EventCategory "10"]
[SourceTitle "SE base"]
[Source "ABZ"]
[SourceDate "2005.05.09"]
[SourceVersion "1"]
[SourceVersionDate "2005.05.09"]
[SourceQuality "1"]

1. e4 c5 2. Nf3 e6 3. d3 Nc6 4. g3 g6 5. Bg2 Bg7 6. O-O Nge7 7. c3 d5 8. Nbd2
b6 9. Re1 Bb7 10. a3 h6 11. e5 g5 12. b4 cxb4 13. axb4 Ng6 14. b5 Ncxe5 15.
Nxe5 Nxe5 16. Ba3 Qd7 17. d4 Ng6 18. c4 Ne7 19. cxd5 Bxd5 20. Bxd5 Nxd5 21. Nc4
O-O-O 22. Qa4 Kb8 23. Bd6+ Ka8 24. Ra3 Qb7 25. Rea1 Rd7 26. Qb3 h5 27. Be5 f6
28. Bd6 h4 29. Qf3 Bf8 30. Rxa7+ Qxa7 31. Nxb6+ Kb7 32. Rxa7+ Kxa7 33. Qa3+ 1-0

[Event "Copenhagen Aruna"]
[Site "Copenhagen"]
[Date "1997.05.02"]
[Round "1"]
[White "Fuglsang, Flemming"]
[Black "Sokolovs, Andrei"]
[Result "0-1"]
[WhiteElo "2275"]
[BlackElo "2480"]
[PlyCount "102"]
[EventDate "1997.04.02"]
[EventType "tourn"]
[EventRounds "9"]
[EventCountry "DEN"]
[EventCategory "10"]
[SourceTitle "SE base"]
[Source "ABZ"]
[SourceDate "2005.05.09"]
[SourceVersion "1"]
[SourceVersionDate "2005.05.09"]
[SourceQuality "1"]

1. e4 e6 2. d4 c5 3. d5 exd5 4. exd5 d6 5. Nc3 Nf6 6. Bb5+ Nbd7 7. a4 a6 8. Be2
Be7 9. Nf3 O-O 10. O-O Re8 11. Re1 Nf8 12. Nd2 b6 13. Nc4 Ng6 14. Ra3 Rb8 15.
Rb3 Bd7 16. Na3 Ra8 17. Bg5 h6 18. Bxf6 Bxf6 19. Nc4 Bxc3 20. bxc3 Bxa4 21.
Rxb6 Bb5 22. Rb7 Nf4 23. Bf1 Rxe1 24. Qxe1 Nxd5 25. Qd2 Bc6 26. Rb1 Qc7 27. Be2
Rd8 28. Rd1 Nf6 29. Qf4 Qe7 30. Ne3 a5 31. Bd3 Be4 32. Ra1 Bxd3 33. cxd3 Ra8
34. Ra4 d5 35. h3 Qd7 36. Ra1 a4 37. Nf5 Qe6 38. Ra3 Kh7 39. Qf3 Qe1+ 40. Kh2
Qc1 41. Ra2 Qxc3 42. Qg3 Nd7 43. f4 Qf6 44. Ne3 Nb6 45. Qf3 Qe6 46. g3 Re8 47.
Ng4 d4 48. Rf2 Qd5 49. Qd1 a3 50. Ne5 a2 51. Rf1 Ra8 0-1

[Event "Copenhagen Aruna"]
[Site "Copenhagen"]
[Date "1997.05.10"]
[Round "8"]
[White "Fuglsang, Flemming"]
[Black "Aagaard, Jacob"]
[Result "0-1"]
[WhiteElo "2275"]
[BlackElo "2440"]
[PlyCount "64"]
[EventDate "1997.04.02"]
[EventType "tourn"]
[EventRounds "9"]
[EventCountry "DEN"]
[EventCategory "10"]
[SourceTitle "SE base"]
[Source "ABZ"]
[SourceDate "2005.05.09"]
[SourceVersion "1"]
[SourceVersionDate "2005.05.09"]
[SourceQuality "1"]

1. e4 c5 2. Nf3 d6 3. Bb5+ Nd7 4. c3 Ngf6 5. O-O a6 6. Ba4 Nxe4 7. Re1 Nef6 8.
d4 b5 9. Bc2 Bb7 10. Bf4 e6 11. a4 Be7 12. axb5 axb5 13. Na3 Qb6 14. Qe2 c4 15.
b3 d5 16. bxc4 dxc4 17. Bc1 Nd5 18. Ne5 N7f6 19. Naxc4 bxc4 20. Rxa8+ Bxa8 21.
Ba4+ Kf8 22. Qxc4 Qc7 23. Qa6 Bb7 24. Qa7 Bd6 25. Bd2 Ke7 26. Rb1 Ba8 27. Qxc7+
Nxc7 28. c4 Be4 29. Re1 Ra8 30. Bd1 Bb7 31. Bg5 Bb4 32. Rf1 Bc3 0-1

[Event "Copenhagen Aruna"]
[Site "Copenhagen"]
[Date "1997.05.08"]
[Round "6"]
[White "Hansen, Sune Berg"]
[Black "Danielsen, Henrik"]
[Result "0-1"]
[WhiteElo "2505"]
[BlackElo "2490"]
[PlyCount "116"]
[EventDate "1997.04.02"]
[EventType "tourn"]
[EventRounds "9"]
[EventCountry "DEN"]
[EventCategory "10"]
[SourceTitle "SE base"]
[Source "ABZ"]
[SourceDate "2005.05.09"]
[SourceVersion "1"]
[SourceVersionDate "2005.05.09"]
[SourceQuality "1"]

1. e4 c6 2. d4 d5 3. exd5 cxd5 4. c4 Nf6 5. Nc3 e6 6. Nf3 Bb4 7. cxd5 Nxd5 8.
Qc2 Nc6 9. Bd3 Be7 10. a3 Nf6 11. O-O O-O 12. Be3 Bd7 13. Rad1 Qa5 14. Ne5 Be8
15. b4 Qc7 16. Nf3 Rc8 17. Qb1 Kh8 18. Rc1 a6 19. h3 Qd8 20. Rfd1 Nb8 21. Qb3
Bc6 22. Ne5 Nd5 23. Nxc6 Nxc6 24. Nxd5 exd5 25. Be2 Qd7 26. Bf3 Rcd8 27. Qd3 g6
28. Re1 Rfe8 29. Re2 f5 30. Bd2 Bf6 31. Rxe8+ Rxe8 32. Bc3 Na7 33. Bb2 Nc8 34.
Qd1 Nb6 35. Be2 Na4 36. Rc2 b5 37. Bc1 Rc8 38. Bf3 Nc3 39. Qd3 Ne4 40. Bb2 Rc4
41. Bxe4 dxe4 42. Qd2 Qd5 43. Rxc4 bxc4 44. Qh6 Kg8 45. h4 Qd8 46. Qc1 Qd5 47.
Qh6 Bg7 48. Qf4 h6 49. Qc7 Kh7 50. Qc5 Qf7 51. Bc1 f4 52. d5 c3 53. d6 e3 54.
fxe3 f3 55. e4 Qb3 56. Bf4 Qd1+ 57. Kh2 Qe2 58. Qg1 f2 0-1

[Event "Copenhagen Aruna"]
[Site "Copenhagen"]
[Date "1997.05.02"]
[Round "1"]
[White "Hansen, Sune Berg"]
[Black "Mortensen, Erling"]
[Result "1/2-1/2"]
[WhiteElo "2505"]
[BlackElo "2450"]
[PlyCount "38"]
[EventDate "1997.04.02"]
[EventType "tourn"]
[EventRounds "9"]
[EventCountry "DEN"]
[EventCategory "10"]
[SourceTitle "SE base"]
[Source "ABZ"]
[SourceDate "2005.05.09"]
[SourceVersion "1"]
[SourceVersionDate "2005.05.09"]
[SourceQuality "1"]

1. e4 c5 2. Nf3 e6 3. d4 cxd4 4. Nxd4 Nc6 5. Nb5 d6 6. Bf4 e5 7. Be3 Be7 8. Nd2
Nf6 9. Bg5 O-O 10. Bxf6 Bxf6 11. Nc4 Nd4 12. Nc3 Be6 13. Bd3 d5 14. exd5 Bxd5
15. Nxd5 Qxd5 16. Ne3 Qc6 17. Qg4 g6 18. Qe4 Bg7 19. Qxc6 Nxc6 1/2-1/2

[Event "Copenhagen Aruna"]
[Site "Copenhagen"]
[Date "1997.05.10"]
[Round "8"]
[White "Hansen, Sune Berg"]
[Black "Keitlinghaus, Ludger"]
[Result "1/2-1/2"]
[WhiteElo "2505"]
[BlackElo "2515"]
[PlyCount "28"]
[EventDate "1997.04.02"]
[EventType "tourn"]
[EventRounds "9"]
[EventCountry "DEN"]
[EventCategory "10"]
[SourceTitle "SE base"]
[Source "ABZ"]
[SourceDate "2005.05.09"]
[SourceVersion "1"]
[SourceVersionDate "2005.05.09"]
[SourceQuality "1"]

1. c4 Nf6 2. Nc3 e5 3. e3 c6 4. d4 exd4 5. exd4 d5 6. Bd3 Be7 7. Nge2 O-O 8.
O-O dxc4 9. Bxc4 Nbd7 10. Bb3 Nb6 11. Nf4 Bf5 12. Be3 Qd7 13. h3 Nbd5 14. Nfxd5
Nxd5 1/2-1/2

[Event "Copenhagen Aruna"]
[Site "Copenhagen"]
[Date "1997.??.??"]
[Round "2"]
[White "Hansen, Sune Berg"]
[Black "Hillarp Persson, Tiger"]
[Result "1-0"]
[WhiteElo "2505"]
[BlackElo "2475"]
[PlyCount "79"]
[EventDate "1997.04.02"]
[EventType "tourn"]
[EventRounds "9"]
[EventCountry "DEN"]
[EventCategory "10"]
[SourceTitle "SE base"]
[Source "ABZ"]
[SourceDate "2005.05.09"]
[SourceVersion "1"]
[SourceVersionDate "2005.05.09"]
[SourceQuality "1"]

1. e4 c5 2. Nf3 d6 3. c3 Nf6 4. Be2 Nbd7 5. d3 b6 6. O-O Bb7 7. Re1 e6 8. Nbd2
Be7 9. Bf1 O-O 10. a3 Rc8 11. b4 Rc7 12. Bb2 Qa8 13. h3 Rd8 14. Qb1 Ne5 15.
Nxe5 dxe5 16. Nc4 cxb4 17. cxb4 Rxc4 18. dxc4 Nxe4 19. Re2 Nd2 20. Qe1 Nxc4 21.
Rd1 Bd5 22. Bxe5 a5 23. Bc3 a4 24. Ba1 b5 25. Qc3 f6 26. Ree1 Rc8 27. Qg3 Qc6
28. Rd3 Kh8 29. Qg4 Bf8 30. Rg3 e5 31. Bd3 Rd8 32. h4 Bg8 33. h5 h6 34. Be4 Qb6
35. Rd1 Rxd1+ 36. Qxd1 Nd6 37. Bg6 Be6 38. Rd3 Bc4 39. Rd2 Ne4 40. Bxe4 1-0

[Event "Copenhagen Aruna"]
[Site "Copenhagen"]
[Date "1997.05.05"]
[Round "4"]
[White "Hansen, Sune Berg"]
[Black "Fuglsang, Flemming"]
[Result "1-0"]
[WhiteElo "2505"]
[BlackElo "2275"]
[PlyCount "79"]
[EventDate "1997.04.02"]
[EventType "tourn"]
[EventRounds "9"]
[EventCountry "DEN"]
[EventCategory "10"]
[SourceTitle "SE base"]
[Source "ABZ"]
[SourceDate "2005.05.09"]
[SourceVersion "1"]
[SourceVersionDate "2005.05.09"]
[SourceQuality "1"]

1. e4 c5 2. Nf3 Nc6 3. d4 cxd4 4. Nxd4 Nf6 5. Nc3 d6 6. Bc4 Bd7 7. Bb3 g6 8.
O-O Bg7 9. Re1 O-O 10. h3 Nxd4 11. Qxd4 Bc6 12. Qd1 b5 13. a3 Rc8 14. Bg5 Qb6
15. Qd2 Rfe8 16. Qf4 Qb7 17. Rad1 a5 18. Rd3 a4 19. Ba2 b4 20. axb4 Qxb4 21. e5
Qxf4 22. Bxf4 dxe5 23. Bxe5 e6 24. f3 Nd5 25. Bxg7 Kxg7 26. Bxd5 Bxd5 27. Nxa4
Red8 28. Nc3 Rb8 29. b3 Rdc8 30. Re2 Bc6 31. Kf2 Rc7 32. Nd1 Rcb7 33. Rc3 Rb6
34. Rd2 e5 35. Ne3 Bb5 36. Rc5 f6 37. Rc7+ Kh6 38. Ng4+ Kg5 39. Rxh7 Re8 40.
Ne3 1-0

[Event "Copenhagen Aruna"]
[Site "Copenhagen"]
[Date "1997.??.??"]
[Round "8"]
[White "Hillarp Persson, Tiger"]
[Black "Sokolovs, Andrei"]
[Result "0-1"]
[WhiteElo "2475"]
[BlackElo "2480"]
[PlyCount "74"]
[EventDate "1997.04.02"]
[EventType "tourn"]
[EventRounds "9"]
[EventCountry "DEN"]
[EventCategory "10"]
[SourceTitle "SE base"]
[Source "ABZ"]
[SourceDate "2005.05.09"]
[SourceVersion "1"]
[SourceVersionDate "2005.05.09"]
[SourceQuality "1"]

1. d4 e6 2. c4 d5 3. Nf3 c6 4. e3 Bd6 5. Bd3 Nd7 6. O-O Ngf6 7. Nbd2 O-O 8. Qc2
c5 9. b3 cxd4 10. exd4 dxc4 11. bxc4 h6 12. c5 Be7 13. Nc4 Nd5 14. Bd2 Qc7 15.
Nce5 Nxe5 16. Nxe5 Bf6 17. Rae1 Bd7 18. Qd1 Bxe5 19. Rxe5 f6 20. Re4 Rae8 21.
Rfe1 b6 22. Qh5 f5 23. Rh4 Rf6 24. Bc4 Qc6 25. Bb3 Kh7 26. Bg5 Rg6 27. f3 bxc5
28. Rc1 c4 29. Rxc4 Qb6 30. Rc1 Qb4 31. Kh1 Rc8 32. Rg1 Be8 33. g4 Rf6 34. Bxf6
Bxh5 35. Be5 Qc3 36. Rf1 Qd3 37. Kg1 Ne3 0-1

[Event "Copenhagen Aruna"]
[Site "Copenhagen"]
[Date "1997.05.08"]
[Round "6"]
[White "Hillarp Persson, Tiger"]
[Black "Aagaard, Jacob"]
[Result "0-1"]
[WhiteElo "2475"]
[BlackElo "2440"]
[PlyCount "78"]
[EventDate "1997.04.02"]
[EventType "tourn"]
[EventRounds "9"]
[EventCountry "DEN"]
[EventCategory "10"]
[SourceTitle "SE base"]
[Source "ABZ"]
[SourceDate "2005.05.09"]
[SourceVersion "1"]
[SourceVersionDate "2005.05.09"]
[SourceQuality "1"]

1. d4 Nf6 2. c4 e6 3. Nc3 Bb4 4. Qc2 O-O 5. a3 Bxc3+ 6. Qxc3 d6 7. Bg5 Nbd7 8.
f3 b6 9. e4 c5 10. Bd3 Ba6 11. Nh3 h6 12. Bh4 Rc8 13. Rc1 cxd4 14. Qxd4 Nc5 15.
Bc2 e5 16. Qc3 Nfxe4 17. Bxd8 Nxc3 18. Be7 Rfe8 19. Bxd6 Nb7 20. Bf5 Ra8 21.
Bc7 g6 22. Rxc3 gxf5 23. b4 Rac8 24. b5 Rxc7 25. bxa6 Nd6 26. O-O Rxc4 27. Rd3
Nb5 28. Rd7 Rec8 29. Nf2 Ra4 30. Nd3 f6 31. Nb4 Rc7 32. Rfd1 Rxd7 33. Rxd7 Kf8
34. Nd5 Rd4 35. Nxb6 Rxd7 36. Nxd7+ Ke7 37. Nc5 Nxa3 38. Nb3 Kd6 39. Kf2 Nc2
0-1

[Event "Copenhagen Aruna"]
[Site "Copenhagen"]
[Date "1997.05.04"]
[Round "3"]
[White "Hillarp Persson, Tiger"]
[Black "Mortensen, Erling"]
[Result "1-0"]
[WhiteElo "2475"]
[BlackElo "2450"]
[PlyCount "49"]
[EventDate "1997.04.02"]
[EventType "tourn"]
[EventRounds "9"]
[EventCountry "DEN"]
[EventCategory "10"]
[SourceTitle "SE base"]
[Source "ABZ"]
[SourceDate "2005.05.09"]
[SourceVersion "1"]
[SourceVersionDate "2005.05.09"]
[SourceQuality "1"]

1. d4 Nf6 2. c4 g6 3. Nc3 Bg7 4. e4 d6 5. Be2 O-O 6. Nf3 e5 7. O-O Nbd7 8. Qc2
c6 9. Rd1 Qc7 10. d5 a5 11. Ne1 Ne8 12. Be3 f5 13. f3 c5 14. exf5 gxf5 15. Nd3
f4 16. Bd2 Ndf6 17. Nf2 Kh8 18. g4 Ng8 19. Kg2 Bf6 20. h4 Bxh4 21. Rh1 Bxf2 22.
Kxf2 Qg7 23. Bd3 Rf7 24. Bxh7 Qxh7 25. Qg6 1-0

[Event "Copenhagen Aruna"]
[Site "Copenhagen"]
[Date "1997.05.05"]
[Round "4"]
[White "Hillarp Persson, Tiger"]
[Black "Hjartarson, Johann"]
[Result "0-1"]
[WhiteElo "2475"]
[BlackElo "2585"]
[PlyCount "64"]
[EventDate "1997.04.02"]
[EventType "tourn"]
[EventRounds "9"]
[EventCountry "DEN"]
[EventCategory "10"]
[SourceTitle "SE base"]
[Source "ABZ"]
[SourceDate "2005.05.09"]
[SourceVersion "1"]
[SourceVersionDate "2005.05.09"]
[SourceQuality "1"]

1. d4 Nf6 2. c4 e6 3. Nc3 Bb4 4. Qc2 O-O 5. a3 Bxc3+ 6. Qxc3 b6 7. Bg5 c5 8.
dxc5 bxc5 9. e3 d6 10. Bxf6 Qxf6 11. Qxf6 gxf6 12. O-O-O Rd8 13. Ne2 Nc6 14.
Nc3 Kf8 15. Kc2 Ke7 16. Be2 Rb8 17. b3 f5 18. f4 Bb7 19. h3 Ba8 20. Rb1 Kf6 21.
g4 Ne7 22. Rhg1 d5 23. cxd5 exd5 24. Bd3 d4 25. exd4 cxd4 26. Ne2 Be4 27. Kd2
Nd5 28. Rgc1 Rb6 29. b4 Bxd3 30. Kxd3 Re6 31. Nxd4 Nxf4+ 32. Kc4 Re4 0-1

[Event "Copenhagen Aruna"]
[Site "Copenhagen"]
[Date "1997.05.02"]
[Round "1"]
[White "Hillarp Persson, Tiger"]
[Black "Petursson, Margeir"]
[Result "1/2-1/2"]
[WhiteElo "2475"]
[BlackElo "2565"]
[PlyCount "47"]
[EventDate "1997.04.02"]
[EventType "tourn"]
[EventRounds "9"]
[EventCountry "DEN"]
[EventCategory "10"]
[SourceTitle "SE base"]
[Source "ABZ"]
[SourceDate "2005.05.09"]
[SourceVersion "1"]
[SourceVersionDate "2005.05.09"]
[SourceQuality "1"]

1. d4 Nf6 2. c4 e6 3. Nc3 Bb4 4. Qc2 O-O 5. a3 Bxc3+ 6. Qxc3 b6 7. Bg5 Bb7 8.
Nf3 d6 9. e3 Nbd7 10. Nd2 c5 11. dxc5 Nxc5 12. b4 Ncd7 13. f3 Rc8 14. Qb2 Qc7
15. Be2 d5 16. Bf4 e5 17. Bg3 Nh5 18. Bf2 dxc4 19. Nxc4 Bd5 20. Nd2 f5 21. O-O
Qc3 22. Qxc3 Rxc3 23. Rfd1 Nhf6 24. Ba6 1/2-1/2